Statistics for Video Game by Hint

Click here to take the quiz!

General Stats

  • This quiz has been taken 20 times
  • The average score is 10 of 15

Answer Stats

HintAnswer% Correct
Impostor Invades a SpaceshipAmong Us
92%
Platforming PlumbersMario
92%
Yellow Ball Eats GhostsPac-Man
92%
Blue Hedgehog Runs FastSonic
92%
FPS WarfareCall of Duty
83%
Building and ShootingFortnite
83%
God Kills other GodsGod of War
75%
Online BasketballNBA2k
75%
Car SoccerRocket League
75%
Car Jacking and Committing CrimesGTA
67%
Craft Tools and Survive MobsMinecraft
67%
Capturing and Fighting with MonstersPokemon
67%
Unrealistic FootballMadden
33%
Block People Play MinigamesRoblox
33%
Online BaseballMLB The Show
17%

Score Distribution

Percentile by Number Answered

Percent of People with Each Score

Your Score History

You have not taken this quiz